El comportamiento sexual de los jóvenes

Saved in:
Bibliographic Details
Main Author: Schofield, Michael (Author)
Format: Book
Language:Spanish
Published: Barcelona Fontanella 1972
Series:Conducta humana, 11
Subjects:
Tags: Add Tag
No Tags, Be the first to tag this record!

MARC

LEADER 00000nam a2200000 a 4500
001 UCY8124
003 CL-VaPUC
008 950623e19720000SP |||||||||||||||||spa|d
082 0 4 |a 155.5  |b SCH  |2 21 
100 0 |a Schofield, Michael  |e author  |9 339280 
245 1 3 |a El comportamiento sexual de los jóvenes 
300 |a 310 p 
942 |c BK 
945 |d 19950623 00:00:00  |a cmena 
260 |a Barcelona  |b Fontanella  |c 1972 
650 0 |a Juventud  |9 271073 
650 0 |a Comportamiento sexual  |9 334955 
650 0 |a Adolescencia  |9 307361 
650 0 |a Sexo  |9 257818 
650 0 |a Investigación científica  |9 259857 
650 0 |a Psicología del adolescente   |9 307864 
650 0 |a Educación sexual  |9 308005 
583 |a last modification  |c 19950623 00:00:00  |k Rodrigo Vera 
490 0 |a Conducta humana, 11 
999 |c 235402  |d 235400 
952 |0 0  |1 0  |4 0  |6 155_500000000000000_SCH_1972  |7 0  |8 P  |9 242796  |a BIBEDU  |b BIBEDU  |d 2019-11-18  |i 1522841  |o 155.5 SCH 1972  |p 1522841  |r 2024-01-25  |w 2019-11-18  |y BK  |k EDU